| 000 | 00722nam a2200217 a 4500 | ||
|---|---|---|---|
| 001 | 10330 | ||
| 003 | CO-ViMGA | ||
| 008 | 141112s2004 ck r 000 u spa d | ||
| 040 |
_aCO-ViMGA _bspa _cCO-ViMGA |
||
| 082 | 0 | 4 | _a320.97291 A48c |
| 100 | 1 |
_aAguilar León ; Luis E., _913620 |
|
| 245 | 1 | 0 |
_aCuba : _bConciencia y Revolución : _bEl proceso de una reflexión sobre el problema cubano |
| 260 |
_aMiami : _bEdiciones Universal, _c1972 |
||
| 300 | _a187p. | ||
| 650 | 1 | 4 |
_aCONDICIONES ECONOMICAS _913621 |
| 650 | 1 | 4 |
_aCONDICIONES SOCIALES _913622 |
| 650 | 1 | 4 |
_aCUBA - Política Y GOBIERNO _913623 |
| 650 | 1 | 4 |
_aCUBA - PROBLEMAS SOCIALES _913624 |
| 650 | 1 | 4 |
_aHISTORIA - REVOLUCION 1959 - 1960 _913625 |
| 942 |
_2ddc _cBK |
||
| 999 |
_c21683 _d21683 |
||